[Event "Stuttgart-chB int"]
[Site "Ditzingen"]
[Date "2012.05.19"]
[Round "5"]
[White "Gheng, Hannelore"]
[Black "Pudmensky, Stefan"]
[Result "1/2-1/2"]
[WhiteElo "1691"]
[BlackElo "1853"]
[PlyCount "62"]
[EventDate "2012.05.17"]
[EventType "swiss"]
[EventRounds "7"]
[EventCountry "GER"]
[SourceTitle "EXT 2018"]
[Source "ChessBase"]
[SourceDate "2017.10.13"]
[SourceVersion "1"]
[SourceVersionDate "2017.10.13"]
[SourceQuality "1"]

1. e4 c5 2. Nf3 d6 3. d4 cxd4 4. Nxd4 Nf6 5. Nc3 a6 6. Be2 e5 7. Nb3 Be6 8. 0-0 Be7 9. f4 exf4 10. Bxf4 Nc6 11. Kh1 d5 12. exd5 Nxd5 13. Nd4 Nxd4 14. Qxd4 Bf6 15. Be5 Nxc3 16. Qxc3 Rc8 17. Bxf6 gxf6 18. Qe3 Rxc2 19. Rad1 Qe7 20. Rfe1 Rc5 21. Qh6 Rg5 22. Bh5 Rhg8 23. Qxh7 R5g7 24. Qe4 Rxg2 25. Qd4 b5 26. Rxe6 Rg1+ 27. Rxg1 Rxg1+ 28. Qxg1 Qxe6 29. Qg2 Qe1+ 30. Qg1 Qe4+ 31. Qg2 Qe1+ 1/2-1/2

[Event "Fellbach Oeffingen op 2nd"]
[Site "Fellbach Oeffingen"]
[Date "2011.06.11"]
[Round "2"]
[White "Pudmensky, Stefan"]
[Black "Kaplunov, Vadym"]
[Result "0-1"]
[WhiteElo "1720"]
[BlackElo "1932"]
[PlyCount "86"]
[EventDate "2011.06.11"]
[EventType "swiss"]
[EventRounds "7"]
[EventCountry "GER"]
[SourceTitle "CBM 142 Extra"]
[Source "ChessBase"]
[SourceDate "2011.06.27"]
[SourceVersion "1"]
[SourceVersionDate "2011.06.27"]
[SourceQuality "1"]

1. d4 Nf6 2. c4 e6 3. Nf3 d5 4. Bg5 Nbd7 5. e3 Be7 6. Nc3 c6 7. Bd3 dxc4 8. Bxc4 b5 9. Bd3 Bb7 10. 0-0 h6 11. Bh4 b4 12. Bxf6 Nxf6 13. Ne4 Nxe4 14. Bxe4 0-0 15. Ne5 Rc8 16. Qa4 Bd6 17. Rac1 Bxe5 18. dxe5 Qb6 19. Rc4 Ba6 20. Rxb4 Bb5 21. Qb3 a5 22. Rd4 Qc5 23. Rfd1 a4 24. Qb4 Qxe5 25. f4 Qf6 26. Qc5 Rfe8 27. Rd6 Qxb2 28. Bxc6 Bxc6 29. Rxc6 Rcd8 30. Rxd8 Rxd8 31. Qc2 Qb4 32. Kf1 g6 33. Ke2 a3 34. Rc3 Qb5+ 35. Ke1 Qa5 36. Ke2 Qh5+ 37. Kf2 Qa5 38. Qb3 Rd2+ 39. Kg3 Qa8 40. e4 Qxe4 41. Rf3 Qe2 42. Qb8+ Kh7 43. Qf8 Qxg2+ 0-1

[Event "Deggendorf op 3rd"]
[Site "Deggendorf"]
[Date "2010.09.05"]
[Round "4"]
[White "Pudmensky, Stefan"]
[Black "Gruber, Johannes"]
[Result "1-0"]
[WhiteElo "1756"]
[BlackElo "1455"]
[PlyCount "70"]
[EventDate "2010.09.03"]
[EventType "swiss"]
[EventRounds "5"]
[EventCountry "GER"]
[SourceTitle "CBM 138 Extra"]
[Source "ChessBase"]
[SourceDate "2010.10.29"]
[SourceVersion "1"]
[SourceVersionDate "2010.10.29"]
[SourceQuality "1"]

1. d4 Nf6 2. Nf3 d6 3. c4 Nbd7 4. d5 g6 5. Nc3 Bg7 6. e4 Nc5 7. Qc2 e6 8. Bg5 0-0 9. b4 Na6 10. Rb1 Re8 11. Bd3 c6 12. dxc6 bxc6 13. 0-0 Qc7 14. Rfe1 e5 15. Qa4 Qd7 16. c5 Nc7 17. cxd6 Ne6 18. Nxe5 Qxd6 19. Nxf7 Qxd3 20. Bxf6 Bxf6 21. Nd5 Kxf7 22. Qxc6 Qa6 23. Qxa8 Bb7 24. Qxe8+ Kxe8 25. Nxf6+ Kf7 26. Nd7 Qxa2 27. Ra1 Qd2 28. Red1 Qc2 29. Nc5 Nxc5 30. bxc5 Qxe4 31. f3 Qe3+ 32. Kf1 Qe5 33. Rxa7 Qc7 34. Rb1 Qxc5 35. Raxb7+ Kg8 1-0